| 000 | 01054nam0a22003011 4500 | ||
|---|---|---|---|
| 001 | rc\291786 | ||
| 005 | 20030307121121.5 | ||
| 035 | _a(NLR Aleph) 005522955 | ||
| 090 |
_a5527793 _c5527793 |
||
| 100 | _a20030307d1990 u |0rusy50 ca | ||
| 101 | 0 | _arus | |
| 102 | _aRU | ||
| 105 | _ay ||||||||| | ||
| 200 | 1 |
_aПоседевшая любовь _eКн. стихотворений |
|
| 210 |
_aРостов н/Д _cРост. кн. изд-во _d1990 |
||
| 215 |
_a125 с. _d18 |
||
| 327 | 0 | _aЦиклы: Нательный крест; Шаги командора; Имя твое; Дом актера; На круги своя | |
| 464 | 0 | _12001#$aНательный крест | |
| 464 | 0 | _12001#$aШаги командора | |
| 464 | 0 | _12001#$aИмя твое | |
| 464 | 0 | _12001#$aДом актера | |
| 464 | 0 | _12001#$aНа круги своя | |
| 700 | 1 |
_aБрунько _bА. В. _gАлександр Виленович |
|
| 801 | 0 |
_aRU _bNLR _gpsbo |
|
| 801 | 1 |
_aRU _bELAR _2rusmarc |
|
| 852 |
_aNLR _j90-2/1129 |
||
| 942 | _cBOOK | ||
| 980 | _aNB | ||